Most Common Names For Pets: Cats - Girl - Statistics

General Stats
  • This quiz has been taken 425 times
  • The average score is 21 of 100
Answer Stats
FL Girl Cat % Correct
B Bella
75%
L Lily
70%
M Molly
64%
K Kitty
61%
Z Zoe
59%
D Daisy
57%
L Lucy
57%
L Luna
56%
C Chloe
52%
P Princess
46%
L Lola
43%
P Penny
41%
F Fluffy
40%
S Sophie
40%
E Emma
37%
B Baby
36%
M Maggie
35%
M Missy
33%
B Belle
32%
M Minnie
32%
N Nala
32%
A Annie
31%
C Coco
31%
C Cleo
30%
A Angel
29%
F Fiona
29%
P Penelope
29%
S Sadie
29%
G Gracie
28%
A Alice
27%
S Sammy
27%
L Lulu
26%
M Misty
25%
M Mittens
25%
D Dolly
24%
G Ginger
24%
J Jasmine
24%
M Maya
24%
W Whiskers
24%
W Winnie
24%
I Isabella
23%
P Phoebe
22%
S Sasha
20%
P Pepper
19%
E Elsa
18%
M Mimi
18%
P Pearl
18%
S Snowball
18%
S Star
18%
H Harper
17%
K Kiki
17%
S Sweetie
17%
C Cupcake
16%
S Sugar
16%
M Miley
15%
R Roxy
15%
M Muffin
14%
S Sassy
14%
M Moon
13%
C Cali
12%
D Dora
12%
F Frankie
12%
T Trixie
12%
W Willa
12%
L Lena
11%
P Pumpkin
11%
P Paris
10%
B Buffy
9%
N Natalie
9%
P Pebbles
9%
P Precious
9%
S Sparkle
9%
S Sunshine
9%
C Cuddles
8%
M Melody
8%
P Pixie
8%
S Snowflake
8%
P Patches
7%
A Audrey
6%
B Buttercup
6%
F Frida
6%
S Sprinkles
6%
J Jellybean
4%
M Madonna
4%
P Pookie
4%
W Waffles
4%
C Chi chi
3%
J Juno
3%
K Kona
3%
M Meadow
3%
P Puddin
3%
S Skittles
3%
A Applejack
2%
B Bindi
2%
G Gidget
2%
H Honeybee
2%
M Munchkin
2%
R Rosebud
2%
S Snokie
2%
T Tootsie
2%
No matching quizzes found
Score Distribution
Percent of People with Each Score
Percentile by Number Answered
Your Score History
You have not taken this quiz